000
00270nam a22001217a 4500
008
171108b xxu||||| |||| 00| 0 eng d
041
_a
alb
080
_a
618.2
100
_a
02
101
_a
FAR
245
_a
KONSUMI I BARNAVE NË KOSOVË
_c
JAKUPI,A
942
_2
udc
_c
BK
999
_c
38252
_d
38252